000 00586nam a2200205Ia 4500
005 20250508170103.0
008 008 250505s9999 xx 000 0 eng d
020 _a81-85269-65-3-41-8
037 _aTextBook
040 _aFEDL
_beng
_cFEDL
041 _aeng
_2eng
084 _a371.9, CHE/R
_qFEDL
100 _aChennat Sailaja Ed.
245 0 _aDisability inclusion and inclusive education
260 _aSingapore
_bSpringer
_c2019
300 _aix, 193p.
546 _aGifted by Prof. Sailaja Chennat
942 _cTB
_h371.9, CHE/R
999 _c1399142
_d1399142